PROBLEMATIKA SPECIALIZACE ZEMĚDĚLSKĚHO ZÁVODU NA PRODUKCI HOVĚZÍHO A JEHNĚČÍHO MASA

Bibliographic Details
Main Authors: Nová, V. (Author), Fr., Louda (Author), Štolc, L. (Author)
Format: Article
Language:Czech

MARC

LEADER 00000naa a2200000uu 4500
001 vtls011084913
003 SK-MaSNL
005 20260302105052.0
008 220810|1996 xo |||||||||||||||||cze|
015 |a SNBRA 
035 |a (urnnbn)urn:nbn:sk:snk:ar-a0cllm 
035 |a (uuid)3670d806-8cf7-4819-80a9-9b886c087835 
035 |a urn:nbn:sk:snk-aavrho 
040 |a SNKBUCL  |b slo  |c SNKBUCL  |e AACR2 
041 0 |a cze 
044 |a xo  |c SK 
100 1 |a Nová, V.  |4 aut  |9 772936 
245 1 0 |a PROBLEMATIKA SPECIALIZACE ZEMĚDĚLSKĚHO ZÁVODU NA PRODUKCI HOVĚZÍHO A JEHNĚČÍHO MASA  |c V. Nová, Fr. Louda, L. Štolc 
700 1 |a Fr., Louda  |4 aut  |9 783154 
700 1 |a Štolc, L.  |4 aut  |9 772938 
773 0 |t Zborník z medzinárodnej vedeckej konferencie "Agronomická fakulta a vývoj poľnohospodárstva na Slovensku"  |d Nitra : Vysoká škola poľnohospodárska, 1996  |g S. 90-91  |z 807137279X 
954 |a odborná, vedecká literatúra cudzojazyčná (svetová)  |2 lita 
958 |a OND 
958 |a article12 
958 |a chapter 
999 |c 1237297  |d 1239227